Quản lý bồi dưỡng giáo viên trường trung học cơ sở huyện Samăckhixay tỉnh Attapư nước cộng hòa dân chủ nhân dân Lào
Trên cơ sở nghiên cứu thực trạng quản lý bồi dưỡng giáo viên, từ đó đề xuất các biện pháp quản lý phù hợp nhằm nâng cao hiệu quả công tác bồi dưỡng giáo viên, góp phần nâng cao chất lượng giáo viên THCS ở huyện Samăckhixay, tỉnh Attapư, Lào ....
Shranjeno v:
| Glavni avtor: | |
|---|---|
| Drugi avtorji: | |
| Format: | Knjiga |
| Jezik: | Vietnamese |
| Izdano: |
Đà Nẵng
Trường Đại học sư phạm Đà Nẵng
2017
|
| Teme: | |
| Oznake: |
Označite
Brez oznak, prvi označite!
|
| Thư viện lưu trữ: | Mạng thư viện Đại học Đà Nẵng |
|---|
| LEADER | 01863nam a2200349 4500 | ||
|---|---|---|---|
| 001 | 000025038 | ||
| 003 | 21529 | ||
| 005 | 20170419160400.0 | ||
| 008 | 170417s2017 viesd | ||
| 041 | |a vie | ||
| 082 | 1 | 4 | |a 373.112 |b LO-M |
| 100 | 1 | |a Louangaphay Manhlone | |
| 245 | 1 | |a Quản lý bồi dưỡng giáo viên trường trung học cơ sở huyện Samăckhixay tỉnh Attapư nước cộng hòa dân chủ nhân dân Lào |c Louangaphay Manhlone ; Trần Xuân Bách hướng dẫn. |k Luận văn Thạc sĩ | |
| 260 | |a Đà Nẵng |b Trường Đại học sư phạm Đà Nẵng |c 2017 | ||
| 300 | |a 85 tr., phụ lục 6 tr. |c 29 cm. |e Tóm tắt | ||
| 500 | |a Luận văn thạc sĩ Giáo dục học. Chuyên ngành: Quản lý giáo dục. Mã số: 60.14.01.14 | ||
| 520 | 3 | |a Trên cơ sở nghiên cứu thực trạng quản lý bồi dưỡng giáo viên, từ đó đề xuất các biện pháp quản lý phù hợp nhằm nâng cao hiệu quả công tác bồi dưỡng giáo viên, góp phần nâng cao chất lượng giáo viên THCS ở huyện Samăckhixay, tỉnh Attapư, Lào . | |
| 650 | 0 | 4 | |a Giáo dục trung học |v Luận văn tốt nghiệp |x Giáo viên |z Attapư (Lào) |
| 653 | |a Quản lý giáo dục | ||
| 653 | |a Giáo dục trung học | ||
| 653 | |a Bồi dưỡng giáo viên | ||
| 700 | 1 | |a Trần Xuân Bách |c PGS.TS. |e Hướng dẫn | |
| OWN | |a LSP | ||
| AVA | |a UDN50 |b LSP |d 373.112 LO-M |e available |t Error 5001 Not defined in file expand_doc_bib_avail. |f 1 |g 0 |h N |i 0 |k 1 | ||
| 999 | |a From the UDN01 | ||
| AVA | |a UDN50 |b LSP |d 373.112 LO-M |e available |t Error 5001 Not defined in file expand_doc_bib_avail. |f 1 |g 0 |h N |i 0 |k 1 | ||
| TYP | |a Monograph | ||
| TYP | |a Printed language | ||
| 980 | |a Mạng thư viện Đại học Đà Nẵng | ||